250 największych miast w Polsce pod względem liczby ludności - Statystyki

Ogólne statystyki
  • Ten quiz został rozwiązany 619 razy
  • Średni wynik to 137 z 250
Statystyki odpowiedzi
Pozycja w rankingu Województwo Liczba ludności Miasto % Poprawnych
1. mazowieckie 1 792 718 Warszawa
97%
2. małopolskie 780 796 Kraków
95%
6. pomorskie 470 633 Gdańsk
94%
3. łódzkie 667 923 Łódź
94%
4. dolnośląskie 641 201 Wrocław
94%
7. zachodniopomorskie 396 472 Szczecin
93%
12. pomorskie 244 104 Gdynia
92%
5. wielkopolskie 530 464 Poznań
92%
11. śląskie 289 162 Katowice
91%
9. lubelskie 337 788 Lublin
91%
10. podlaskie 296 401 Białystok
89%
8. kujawsko-pomorskie 341 692 Bydgoszcz
89%
14. mazowieckie 208 091 Radom
89%
16. kujawsko-pomorskie 197 812 Toruń
89%
13. śląskie 215 905 Częstochowa
88%
15. podkarpackie 198 476 Rzeszów
87%
18. świętokrzyskie 192 468 Kielce
86%
20. warmińsko-mazurskie 170 622 Olsztyn
85%
27. opolskie 127 561 Opole
84%
24. lubuskie 140 708 Zielona Góra
84%
30. warmińsko-mazurskie 117 952 Elbląg
82%
17. śląskie 195 978 Sosnowiec
82%
22. śląskie 168 835 Bielsko-Biała
81%
19. śląskie 176 009 Gliwice
81%
29. lubuskie 121 714 Gorzów Wielkopolski
81%
21. śląskie 169 831 Zabrze
81%
37. zachodniopomorskie 105 801 Koszalin
80%
31. mazowieckie 117 573 Płock
80%
35. małopolskie 106 748 Tarnów
80%
23. śląskie 162 250 Bytom
79%
36. śląskie 106 272 Chorzów
79%
129. pomorskie 35 049 Sopot
79%
208. wielkopolskie 21 035 Koło
78%
39. dolnośląskie 97 958 Legnica
78%
34. kujawsko-pomorskie 107 745 Włocławek
78%
32. śląskie 117 516 Dąbrowa Górnicza
77%
53. kujawsko-pomorskie 71 132 Inowrocław
77%
51. dolnośląskie 71 278 Lubin
77%
44. małopolskie 83 274 Nowy Sącz
77%
54. podlaskie 69 575 Suwałki
77%
67. warmińsko-mazurskie 61 782 Ełk
75%
45. dolnośląskie 77 807 Jelenia Góra
75%
38. wielkopolskie 98 447 Kalisz
75%
33. dolnośląskie 108 944 Wałbrzych
75%
49. wielkopolskie 71 935 Konin
74%
40. kujawsko-pomorskie 92 894 Grudziądz
73%
95. zachodniopomorskie 45 930 Kołobrzeg
73%
48. wielkopolskie 72 184 Piła
73%
50. łódzkie 71 655 Piotrków Trybunalski
73%
25. śląskie 136 464 Rybnik
73%
42. pomorskie 89 180 Słupsk
73%
28. śląskie 126 184 Tychy
73%
166. małopolskie 26 662 Zakopane
73%
64. lubelskie 62 368 Zamość
73%
72. podkarpackie 59 337 Przemyśl
72%
26. śląskie 135 695 Ruda Śląska
72%
62. mazowieckie 62 742 Pruszków
71%
76. łódzkie 56 025 Bełchatów
70%
56. wielkopolskie 67 157 Gniezno
70%
63. wielkopolskie 62 429 Leszno
70%
69. lubelskie 60 738 Chełm
69%
65. podlaskie 62 278 Łomża
69%
46. mazowieckie 77 645 Siedlce
69%
75. lubelskie 56 760 Biała Podlaska
68%
193. dolnośląskie 22 301 Jawor
68%
96. podkarpackie 45 715 Krosno
68%
70. podkarpackie 59 754 Mielec
67%
108. zachodniopomorskie 40 696 Świnoujście
67%
73. pomorskie 59 105 Tczew
67%
43. śląskie 87 322 Jastrzębie-Zdrój
66%
117. pomorskie 37 898 Malbork
66%
52. wielkopolskie 71 254 Ostrów Wielkopolski
66%
55. zachodniopomorskie 67 430 Stargard
66%
41. śląskie 89 827 Jaworzno
65%
74. podkarpackie 59 098 Stalowa Wola
65%
61. śląskie 62 815 Żory
65%
59. dolnośląskie 65 757 Głogów
64%
71. opolskie 59 603 Kędzierzyn-Koźle
64%
82. mazowieckie 53 352 Legionowo
64%
47. śląskie 74 413 Mysłowice
64%
136. małopolskie 33 212 Nowy Targ
64%
60. łódzkie 63 479 Pabianice
64%
58. śląskie 65 845 Siemianowice Śląskie
64%
94. podkarpackie 46 057 Tarnobrzeg
64%
66. śląskie 61 789 Tarnowskie Góry
64%
68. łódzkie 60 860 Tomaszów Mazowiecki
64%
187. świętokrzyskie 22 803 Sandomierz
63%
89. łódzkie 47 493 Skierniewice
63%
86. pomorskie 48 735 Wejherowo
63%
80. śląskie 54 468 Piekary Śląskie
62%
79. łódzkie 55 272 Zgierz
62%
137. warmińsko-mazurskie 33 111 Iława
61%
83. mazowieckie 51 380 Ostrołęka
61%
57. świętokrzyskie 66 837 Ostrowiec Świętokrzyski
61%
87. mazowieckie 48 670 Piaseczno
61%
93. lubelskie 46 664 Puławy
61%
130. opolskie 34 985 Brzeg
60%
97. łódzkie 44 977 Radomsko
60%
92. pomorskie 47 037 Starogard Gdański
60%
134. śląskie 33 757 Cieszyn
59%
103. łódzkie 43 051 Kutno
59%
99. mazowieckie 44 207 Otwock
59%
124. podkarpackie 36 703 Sanok
59%
90. śląskie 47 319 Wodzisław Śląski
59%
122. lubuskie 36 783 Żary
59%
78. śląskie 55 542 Będzin
58%
110. pomorskie 39 484 Chojnice
58%
102. opolskie 43 066 Nysa
58%
84. pomorskie 49 672 Rumia
58%
104. łódzkie 41 142 Sieradz
58%
77. dolnośląskie 55 800 Świdnica
58%
85. śląskie 48 817 Świętochłowice
58%
150. podlaskie 29 785 Augustów
57%
98. podkarpackie 44 912 Dębica
57%
133. podkarpackie 34 303 Jasło
57%
170. dolnośląskie 26 172 Kłodzko
57%
120. małopolskie 37 231 Oświęcim
57%
81. śląskie 54 004 Racibórz
57%
91. świętokrzyskie 47 238 Starachowice
57%
109. zachodniopomorskie 39 705 Szczecinek
57%
101. mazowieckie 43 664 Ciechanów
56%
107. mazowieckie 40 816 Mińsk Mazowiecki
56%
88. śląskie 48 412 Zawiercie
56%
149. śląskie 30 526 Żywiec
56%
121. podkarpackie 36 789 Jarosław
55%
179. małopolskie 24 393 Wieliczka
55%
125. mazowieckie 36 623 Wołomin
55%
140. mazowieckie 32 594 Grodzisk Mazowiecki
54%
145. mazowieckie 31 130 Mława
54%
142. zachodniopomorskie 32 034 Police
54%
186. opolskie 23 131 Kluczbork
53%
115. pomorskie 38 179 Kwidzyn
53%
100. świętokrzyskie 43 804 Skarżysko-Kamienna
53%
153. małopolskie 29 405 Bochnia
52%
114. dolnośląskie 38 280 Bolesławiec
52%
126. małopolskie 35 881 Chrzanów
52%
131. pomorskie 34 977 Lębork
52%
159. mazowieckie 28 615 Nowy Dwór Mazowiecki
52%
138. dolnośląskie 33 051 Oława
52%
128. mazowieckie 35 684 Sochaczew
52%
112. mazowieckie 39 051 Ząbki
52%
111. mazowieckie 39 331 Żyrardów
52%
116. lubuskie 37 931 Nowa Sól
51%
132. małopolskie 34 500 Olkusz
51%
113. lubelskie 38 654 Świdnik
51%
105. łódzkie 40 996 Zduńska Wola
51%
146. śląskie 30 988 Myszków
50%
147. wielkopolskie 30 965 Września
50%
139. dolnośląskie 32 647 Dzierżoniów
49%
162. łódzkie 27 687 Łowicz
49%
119. mazowieckie 37 384 Marki
49%
141. warmińsko-mazurskie 32 547 Ostróda
49%
164. pomorskie 26 838 Reda
49%
157. warmińsko-mazurskie 28 803 Giżycko
48%
106. śląskie 40 994 Mikołów
48%
123. dolnośląskie 36 757 Oleśnica
48%
192. dolnośląskie 22 378 Polkowice
48%
183. wielkopolskie 23 655 Środa Wielkopolska
48%
178. zachodniopomorskie 24 802 Wałcz
48%
152. dolnośląskie 29 534 Zgorzelec
48%
127. śląskie 35 747 Czechowice-Dziedzice
47%
135. lubelskie 33 638 Kraśnik
47%
156. wielkopolskie 29 022 Śrem
47%
239. małopolskie 18 230 Wadowice
47%
185. śląskie 23 430 Lubliniec
46%
200. łódzkie 21 735 Wieluń
46%
168. wielkopolskie 26 373 Jarocin
45%
172. śląskie 25 622 Pszczyna
45%
176. lubuskie 25 110 Żagań
45%
199. łódzkie 21 768 Aleksandrów Łódzki
44%
144. pomorskie 31 822 Pruszcz Gdański
44%
217. wielkopolskie 20 044 Rawicz
44%
151. wielkopolskie 29 663 Swarzędz
44%
169. wielkopolskie 26 201 Turek
44%
177. podlaskie 24 883 Bielsk Podlaski
43%
171. lubelskie 25 978 Biłgoraj
43%
118. śląskie 37 657 Knurów
43%
198. mazowieckie 21 846 Płońsk
43%
163. mazowieckie 26 935 Wyszków
43%
181. zachodniopomorskie 23 811 Białogard
42%
158. kujawsko-pomorskie 28 659 Brodnica
42%
215. podlaskie 20 141 Hajnówka
42%
160. wielkopolskie 28 580 Krotoszyn
42%
148. śląskie 30 854 Czeladź
41%
215. wielkopolskie 20 141 Gostyń
41%
182. pomorskie 23 698 Kościerzyna
41%
194. mazowieckie 22 160 Ostrów Mazowiecka
41%
167. warmińsko-mazurskie 26 609 Kętrzyn
40%
143. wielkopolskie 31 978 Luboń
40%
230. lubelskie 18 519 Łęczna
39%
207. warmińsko-mazurskie 21 179 Mrągowo
39%
175. kujawsko-pomorskie 25 335 Świecie
39%
189. warmińsko-mazurskie 22 671 Szczytno
39%
174. wielkopolskie 25 526 Wągrowiec
39%
165. małopolskie 26 770 Gorlice
38%
203. lubuskie 21 428 Świebodzin
38%
184. wielkopolskie 23 596 Kościan
37%
213. łódzkie 20 526 Opoczno
37%
197. podlaskie 21 853 Zambrów
37%
188. warmińsko-mazurskie 22 785 Bartoszyce
36%
223. kujawsko-pomorskie 19 063 Chełmno
36%
202. lubelskie 21 488 Lubartów
36%
236. małopolskie 18 267 Myślenice
36%
161. śląskie 27 790 Czerwionka-Leszczyny
35%
196. zachodniopomorskie 21 876 Goleniów
35%
155. lubelskie 29 286 Łuków
35%
154. dolnośląskie 29 318 Bielawa
33%
250. mazowieckie 17 563 Garwolin
33%
222. mazowieckie 19 210 Pułtusk
33%
219. małopolskie 19 646 Andrychów
32%
237. mazowieckie 18 265 Gostynin
31%
246. lubuskie 17 656 Kostrzyn nad Odrą
31%
238. lubelskie 18 254 Krasnystaw
31%
180. małopolskie 24 302 Skawina
31%
240. wielkopolskie 18 117 Chodzież
30%
209. warmińsko-mazurskie 21 014 Działdowo
30%
201. podlaskie 21 616 Grajewo
30%
210. zachodniopomorskie 20 792 Gryfino
30%
212. dolnośląskie 20 573 Lubań
30%
191. mazowieckie 22 382 Piastów
30%
225. warmińsko-mazurskie 18 890 Pisz
30%
214. opolskie 20 502 Prudnik
30%
229. lubelskie 18 612 Tomaszów Lubelski
30%
249. lubuskie 17 567 Międzyrzecz
29%
247. podkarpackie 17 627 Łańcut
28%
243. wielkopolskie 17 747 Oborniki
28%
233. wielkopolskie 18 373 Złotów
28%
211. mazowieckie 20 768 Józefów
27%
227. świętokrzyskie 18 723 Końskie
27%
241. kujawsko-pomorskie 17 917 Nakło nad Notecią
27%
245. mazowieckie 17 698 Sierpc
26%
190. dolnośląskie 22 539 Świebodzice
26%
221. śląskie 19 328 Bieruń
25%
173. mazowieckie 25 563 Kobyłka
25%
218. mazowieckie 19 896 Sulejówek
25%
228. wielkopolskie 18 639 Szamotuły
25%
220. małopolskie 19 359 Trzebinia
25%
195. śląskie 22 062 Łaziska Górne
24%
204. dolnośląskie 21 386 Nowa Ruda
23%
206. śląskie 21 298 Rydułtowy
23%
226. mazowieckie 18 782 Sokołów Podlaski
23%
232. łódzkie 18 399 Konstantynów Łódzki
22%
242. podlaskie 17 872 Sokółka
22%
231. dolnośląskie 18 425 Kamienna Góra
21%
234. małopolskie 18 372 Kęty
21%
205. śląskie 21 324 Orzesze
18%
244. mazowieckie 17 735 Pionki
18%
248. śląskie 17 580 Radlin
17%
224. łódzkie 18 988 Ozorków
16%
235. śląskie 18 368 Pyskowice
15%
Nie znaleziono quizów pasujących do podanych kryteriów
Rozkład punktacji
Procent ludzi z każdym wynikiem
Percentyl według liczby udzielonych odpowiedzi
Twoja historia wyników
Nie rozwiązałeś tego quizu